[Event "CAN-ch"]
[Site "Kitchener CAN"]
[Date "2007.08.05"]
[Round "8"]
[White "Mikanovic, Goran"]
[Black "Henry, Liam"]
[Result "1/2-1/2"]
[WhiteElo "2303"]
[BlackElo "2118"]
[PlyCount "117"]
[GameId "2160767910580094"]
[EventDate "2007.08.01"]
[EventType "swiss"]
[EventRounds "9"]
[EventCountry "CAN"]
[SourceTitle "EXT 2022"]
[Source "ChessBase"]
[SourceDate "2021.10.06"]
[SourceVersion "1"]
[SourceVersionDate "2021.10.06"]
[SourceQuality "1"]

1. d4 Nf6 2. c4 e6 3. Nc3 Bb4 4. Qc2 d5 5. cxd5 exd5 6. Bg5 h6 7. Bxf6 Qxf6 8. a3 Bxc3+ 9. Qxc3 O-O 10. e3 c6 11. Nf3 a5 12. b4 axb4 13. axb4 Rxa1+ 14. Qxa1 b5 15. Ne5 Nd7 16. Nxd7 Bxd7 17. Be2 Qd6 18. Qa3 Qb8 19. O-O Qa8 20. Ra1 Qxa3 21. Rxa3 f5 22. g3 Kf7 23. Ra7 Ke7 24. Kg2 Rd8 25. g4 Kf6 26. Kg3 fxg4 27. Bxg4 Bxg4 28. Kxg4 Re8 29. Rc7 Re6 30. h4 Re4+ 31. Kg3 Re6 32. h5 g6 33. hxg6 Kxg6 34. Rc8 Kf5 35. Kf3 h5 36. Rf8+ Kg5 37. Kg3 Kg6 38. Rh8 Re7 39. Rc8 Re6 40. Kf3 Kf5 41. Rh8 Kg5 42. Ke2 Rg6 43. f3 Rg7 44. Kf2 h4 45. Rc8 Rg6 46. Rf8 Rg7 47. Rf4 Ra7 48. Rg4+ Kh5 49. Kg2 Ra3 50. e4 dxe4 51. Rxe4 Rb3 52. Re5+ Kg6 53. Re6+ Kf5 54. Rxc6 Rxb4 55. d5 Ke5 56. d6 Ke6 57. Rb6 Kd7 58. Kh3 Ke6 59. Kg2 1/2-1/2

[Event "CAN-ch"]
[Site "Kitchener CAN"]
[Date "2007.08.05"]
[Round "8"]
[White "Predescu, Sebastian"]
[Black "Livshits, Ron"]
[Result "0-1"]
[WhiteElo "2236"]
[BlackElo "2316"]
[PlyCount "80"]
[GameId "2160767910580095"]
[EventDate "2007.08.01"]
[EventType "swiss"]
[EventRounds "9"]
[EventCountry "CAN"]
[SourceTitle "EXT 2022"]
[Source "ChessBase"]
[SourceDate "2021.10.06"]
[SourceVersion "1"]
[SourceVersionDate "2021.10.06"]
[SourceQuality "1"]

1. e4 c5 2. Nf3 d6 3. d4 cxd4 4. Nxd4 Nf6 5. Nc3 a6 6. Be3 e6 7. Be2 Be7 8. a4 Nc6 9. O-O Qc7 10. f4 O-O 11. Kh1 Re8 12. Bf3 Bf8 13. g4 Nxd4 14. Bxd4 e5 15. Be3 d5 16. Nxd5 Nxd5 17. exd5 exf4 18. Bf2 a5 19. b3 Ra6 20. c4 Rg6 21. Rg1 Bd7 22. Ra2 Bc5 23. Bxc5 Qxc5 24. Re2 Re3 25. Rge1 h5 26. gxh5 Rg5 27. Rg2 Rxg2 28. Kxg2 Qe7 29. Rxe3 fxe3 30. d6 Qh4 31. Qe2 Bh3+ 32. Kg1 Qd4 33. Kh1 b6 34. Qe1 Kf8 35. Bg2 Bg4 36. h3 e2 37. d7 Ke7 38. Kh2 Qd1 39. Qh4+ f6 40. Qxg4 Qd6+ 0-1

[Event "CAN-ch"]
[Site "Kitchener CAN"]
[Date "2007.08.05"]
[Round "8"]
[White "Sundar, Avinaash"]
[Black "Jung, Hans"]
[Result "0-1"]
[WhiteElo "2086"]
[BlackElo "2185"]
[PlyCount "72"]
[GameId "2160767910580097"]
[EventDate "2007.08.01"]
[EventType "swiss"]
[EventRounds "9"]
[EventCountry "CAN"]
[SourceTitle "EXT 2022"]
[Source "ChessBase"]
[SourceDate "2021.10.06"]
[SourceVersion "1"]
[SourceVersionDate "2021.10.06"]
[SourceQuality "1"]

1. c4 d6 2. Nc3 e5 3. g3 f5 4. Bg2 g6 5. d3 Bg7 6. Nf3 Ne7 7. O-O O-O 8. Bg5 h6 9. Bxe7 Qxe7 10. Nd2 c6 11. Rb1 Nd7 12. Qc2 Nf6 13. b4 Be6 14. b5 d5 15. bxc6 bxc6 16. Qa4 Qd6 17. Rfd1 d4 18. Nb5 cxb5 19. Rxb5 Bd7 20. Qb3 Kh7 21. Ra5 Rae8 22. Qb7 Bc8 23. Qxa7 e4 24. Rb5 e3 25. fxe3 Ng4 26. e4 Qf6 27. Rf1 Re7 28. Qa5 Ne3 29. Rf4 g5 30. Rf2 Nxg2 31. Kxg2 f4 32. h3 Qf7 33. Qb4 Bxh3+ 34. Kxh3 Qh5+ 35. Kg2 fxg3 36. Rf3 Qh2+ 0-1

[Event "CAN-ch"]
[Site "Kitchener CAN"]
[Date "2007.08.05"]
[Round "9"]
[White "Bailey, Doug"]
[Black "Predescu, Sebastian"]
[Result "1-0"]
[WhiteElo "2274"]
[BlackElo "2236"]
[PlyCount "83"]
[GameId "2160767910580099"]
[EventDate "2007.08.01"]
[EventType "swiss"]
[EventRounds "9"]
[EventCountry "CAN"]
[SourceTitle "EXT 2022"]
[Source "ChessBase"]
[SourceDate "2021.10.06"]
[SourceVersion "1"]
[SourceVersionDate "2021.10.06"]
[SourceQuality "1"]

1. e4 c5 2. Nf3 d6 3. d4 cxd4 4. Nxd4 Nf6 5. Nc3 a6 6. Bg5 e6 7. Bd3 Nbd7 8. Qd2 b5 9. f3 Bb7 10. a3 Be7 11. O-O-O O-O 12. h4 Qb6 13. Be3 Nc5 14. g4 b4 15. axb4 Qxb4 16. g5 Nh5 17. Kb1 Rfc8 18. Nd5 Qxd2 19. Nxe7+ Kf8 20. Bxd2 Kxe7 21. Bb4 Nf4 22. Bf1 Rab8 23. Ba3 g6 24. Rh2 Kd7 25. Nb3 Kc6 26. Rhd2 Nxb3 27. Rxd6+ Kc7 28. cxb3 Bc6 29. Bxa6 Rd8 30. Bc5 Ng2 31. b4 Nxh4 32. Be2 Rh8 33. Bf2 Rxb4 34. Bxh4 Rhb8 35. R6d2 Kb6 36. Bf2+ Ka5 37. Bd4 Ra4 38. Be5 Rb7 39. Rc1 Kb6 40. Rd3 Rb4 41. Bd6 Rb5 42. Rdc3 1-0

[Event "CAN-ch"]
[Site "Kitchener CAN"]
[Date "2007.08.05"]
[Round "9"]
[White "Jung, Hans"]
[Black "Kazmaier, Daniel"]
[Result "0-1"]
[WhiteElo "2185"]
[BlackElo "2174"]
[PlyCount "104"]
[GameId "2160767910580101"]
[EventDate "2007.08.01"]
[EventType "swiss"]
[EventRounds "9"]
[EventCountry "CAN"]
[SourceTitle "EXT 2022"]
[Source "ChessBase"]
[SourceDate "2021.10.06"]
[SourceVersion "1"]
[SourceVersionDate "2021.10.06"]
[SourceQuality "1"]

1. g3 f5 2. d4 Nf6 3. Nh3 g6 4. Nf4 d6 5. d5 c6 6. c4 cxd5 7. cxd5 g5 8. Ne6 Bxe6 9. dxe6 Qc8 10. Bg2 Nc6 11. Qa4 Bg7 12. Bxg5 O-O 13. Nc3 Qxe6 14. O-O Kh8 15. Rae1 h6 16. Qh4 Nh7 17. Bd5 hxg5 18. Qxh7+ Kxh7 19. Bxe6 Nd8 20. Bd7 e6 21. e4 Rf7 22. Ba4 Bxc3 23. bxc3 fxe4 24. Rxe4 d5 25. Rg4 Rc8 26. Rxg5 Rxc3 27. Re1 Rf6 28. Rh5+ Kg7 29. Re2 Nf7 30. Be8 Nd6 31. Ba4 Ne4 32. Rc2 b5 33. Rxc3 Nxc3 34. Bc2 a5 35. Rh7+ Kf8 36. h4 Nxa2 37. h5 Nb4 38. Bg6 a4 39. Ra7 d4 40. f4 d3 41. Kf2 e5 42. Ra8+ Kg7 43. Ra7+ Kf8 44. Ra8+ Ke7 45. Re8+ Kd7 46. Rxe5 a3 47. Be8+ Kd8 48. Bxb5 d2 49. Ke2 a2 50. Re8+ Kc7 51. Ra8 Na6 52. Ra7+ Kb8 0-1

[Event "CAN-ch"]
[Site "Kitchener CAN"]
[Date "2007.08.05"]
[Round "9"]
[White "Livshits, Ron"]
[Black "Hamilton, Robert"]
[Result "1-0"]
[WhiteElo "2316"]
[BlackElo "2287"]
[PlyCount "125"]
[GameId "2160767910580102"]
[EventDate "2007.08.01"]
[EventType "swiss"]
[EventRounds "9"]
[EventCountry "CAN"]
[SourceTitle "EXT 2022"]
[Source "ChessBase"]
[SourceDate "2021.10.06"]
[SourceVersion "1"]
[SourceVersionDate "2021.10.06"]
[SourceQuality "1"]

1. d4 d5 2. c4 Nc6 3. Nc3 dxc4 4. Nf3 Nf6 5. e4 Bg4 6. Be3 e6 7. Bxc4 Be7 8. Be2 O-O 9. O-O a6 10. a3 Re8 11. b4 Bf8 12. Qd2 Ne7 13. Rfd1 Nc8 14. Qc2 Nb6 15. h3 Bh5 16. g4 Bg6 17. Ne5 Nfd7 18. Nxg6 hxg6 19. Bf1 Nf6 20. Bf4 c6 21. Qb3 Nh7 22. d5 cxd5 23. exd5 e5 24. Be3 Nc8 25. d6 Nxd6 26. Ne4 Qb8 27. Nxd6 Bxd6 28. Qd5 Bf8 29. Bg2 e4 30. g5 Re5 31. Qd7 Re7 32. Qd4 Qe8 33. h4 Rc8 34. Bh3 Rc2 35. Qb6 Rc6 36. Qd8 Qxd8 37. Rxd8 f5 38. Bc5 Rec7 39. Bf1 Rc8 40. Bc4+ Kh8 41. Rad1 b6 42. Bxf8 Nxf8 43. Bxa6 Rxd8 44. Rxd8 Kg8 45. Rc8 Rxc8 46. Bxc8 Kf7 47. h5 Nh7 48. Bxf5 Nxg5 49. Bxg6+ Kf6 50. Kg2 Ke5 51. Kg3 Ne6 52. a4 Kd4 53. a5 bxa5 54. bxa5 e3 55. fxe3+ Kxe3 56. a6 Kd4 57. a7 Nc7 58. Kf4 Kd5 59. Be4+ Ke6 60. Kg5 Kf7 61. Bd5+ Ke8 62. Kg6 Kf8 63. Kh7 1-0

[Event "CAN-ch"]
[Site "Kitchener CAN"]
[Date "2007.08.05"]
[Round "9"]
[White "Mayo, Alvah"]
[Black "Gentes, Kevin"]
[Result "1-0"]
[WhiteElo "2110"]
[BlackElo "2307"]
[PlyCount "106"]
[GameId "2160767910580103"]
[EventDate "2007.08.01"]
[EventType "swiss"]
[EventRounds "9"]
[EventCountry "CAN"]
[SourceTitle "EXT 2022"]
[Source "ChessBase"]
[SourceDate "2021.10.06"]
[SourceVersion "1"]
[SourceVersionDate "2021.10.06"]
[SourceQuality "1"]

1. e4 c5 2. Nc3 e6 3. f4 a6 4. Nf3 Nc6 5. g3 d5 6. e5 Nh6 7. Bg2 Nf5 8. O-O h5 9. d3 Qb6 10. Na4 Qa7 11. c4 d4 12. Ng5 Bd7 13. b3 Be7 14. Ne4 f6 15. Qe2 O-O-O 16. exf6 gxf6 17. Bf3 Rdg8 18. Bxh5 Rg7 19. Bd2 Rgh7 20. Bg6 Rh6 21. Bxf5 exf5 22. Nf2 Rxh2 23. Rfe1 Bd6 24. Rac1 Ne7 25. Ba5 Rxf2 26. Qxf2 Bc6 27. Kf1 b6 28. Nxb6+ Kb7 29. Ke2 Bc7 30. Kd2 Nc8 31. Kc2 Bxb6 32. Bd2 a5 33. a3 Kc7 34. Re6 Rh6 35. g4 Bd7 36. gxf5 Bxe6 37. fxe6 f5 38. Qe2 Kb8 39. Qe5+ Qc7 40. Qxf5 Qe7 41. Re1 Rf6 42. Qg4 Nd6 43. Re5 Ne8 44. f5 Bc7 45. Rd5 Qg7 46. Qh5 Nd6 47. Rxc5 Qf8 48. Qh7 Ne8 49. Rb5+ Ka7 50. Bxa5 Qxa3 51. Kb1 Rg6 52. Bb6+ Ka8 53. Qxg6 Bxb6 1-0

[Event "CAN-ch"]
[Site "Kitchener CAN"]
[Date "2007.08.05"]
[Round "9"]
[White "Szalay, Karoly"]
[Black "Mikanovic, Goran"]
[Result "0-1"]
[WhiteElo "2113"]
[BlackElo "2303"]
[PlyCount "70"]
[GameId "2160767910580107"]
[EventDate "2007.08.01"]
[EventType "swiss"]
[EventRounds "9"]
[EventCountry "CAN"]
[SourceTitle "EXT 2022"]
[Source "ChessBase"]
[SourceDate "2021.10.06"]
[SourceVersion "1"]
[SourceVersionDate "2021.10.06"]
[SourceQuality "1"]

1. e4 c5 2. Nf3 e6 3. d4 cxd4 4. Nxd4 a6 5. Bd3 g6 6. Nc3 Bg7 7. Be3 d6 8. a4 b6 9. O-O Nf6 10. f4 O-O 11. Qf3 Bb7 12. Rae1 Nbd7 13. Nb3 Qc7 14. Qh3 Rfe8 15. g4 h6 16. g5 hxg5 17. fxg5 Nh5 18. Be2 Bxc3 19. bxc3 Qxc3 20. Bxh5 gxh5 21. Qxh5 Qg7 22. Rf4 e5 23. Rh4 Re6 24. Rf1 Rg6 25. Qg4 Nf8 26. Qg3 Ne6 27. Rg4 Bc8 28. Qg2 Nf4 29. Rgxf4 exf4 30. Bxf4 Bb7 31. h4 Re8 32. Qf2 Bxe4 33. Qxb6 Qc3 34. Nd4 Qh3 35. Kf2 Qg2+ 0-1

[Event "CAN-ch"]
[Site "Kitchener CAN"]
[Date "2007.08.05"]
[Round "9"]
[White "Urquhart, Eddie"]
[Black "Henry, Liam"]
[Result "1/2-1/2"]
[WhiteElo "2195"]
[BlackElo "2118"]
[PlyCount "27"]
[GameId "2160767910580108"]
[EventDate "2007.08.01"]
[EventType "swiss"]
[EventRounds "9"]
[EventCountry "CAN"]
[SourceTitle "EXT 2022"]
[Source "ChessBase"]
[SourceDate "2021.10.06"]
[SourceVersion "1"]
[SourceVersionDate "2021.10.06"]
[SourceQuality "1"]

1. e4 c5 2. Nc3 d6 3. f4 g6 4. Nf3 Bg7 5. Bc4 Nc6 6. d3 Nf6 7. O-O Bg4 8. h3 Bxf3 9. Qxf3 Nd4 10. Qd1 e6 11. Ne2 Nxe2+ 12. Qxe2 O-O 13. Bb3 d5 14. e5 1/2-1/2

[Event "CAN-ch"]
[Site "Kitchener CAN"]
[Date "2007.08.05"]
[Round "9"]
[White "Zubac, Marius"]
[Black "Sundar, Avinaash"]
[Result "0-1"]
[WhiteElo "2194"]
[BlackElo "2086"]
[PlyCount "96"]
[GameId "2160767910580109"]
[EventDate "2007.08.01"]
[EventType "swiss"]
[EventRounds "9"]
[EventCountry "CAN"]

1. d4 Nf6 2. c4 c5 3. d5 e5 4. Nc3 d6 5. Bg5 Be7 6. Qd2 Na6 7. a3 O-O 8. e3 Nxd5 9. Bxe7 Nxe7 10. O-O-O Nf5 11. g4 Nh6 12. h3 f5 13. f3 Nf7 14. Nge2 Qh4 15. Bg2 Nc7 16. Rdf1 Be6 17. Qd3 Rad8 18. e4 f4 19. Kb1 a6 20. Nd5 Nxd5 21. exd5 Bd7 22. Nc3 Rb8 23. Ne4 b5 24. Rc1 Qd8 25. h4 Qa5 26. Ka1 bxc4 27. Qxc4 Rb7 28. Bh3 Ba4 29. g5 Bb3 30. Qd3 Rfb8 31. Rh2 Rb4 32. Nc3 Bc4 33. Qb1 Rb3 34. a4 R8b4 35. Qf5 Rxa4+ 36. Nxa4 Qxa4+ 37. Kb1 Bd3+ 38. Qxd3 Rxd3 39. Be6 Rd1 40. h5 Rxc1+ 41. Kxc1 Kf8 42. g6 hxg6 43. hxg6 Nh6 44. Rc2 e4 45. fxe4 Qxe4 46. Rc3 c4 47. Ra3 f3 48. Rxa6 f2 0-1

[Event "CAN-ch"]
[Site "Kitchener CAN"]
[Date "2007.08.06"]
[Round "9"]
[White "Chung, Kevin"]
[Black "Guo, Joshua"]
[Result "0-1"]
[WhiteElo "2217"]
[BlackElo "2214"]
[PlyCount "83"]
[GameId "2160767910580110"]
[EventDate "2007.08.01"]
[EventType "swiss"]
[EventRounds "9"]
[EventCountry "CAN"]

1. e4 c5 2. Nf3 d6 3. d4 cxd4 4. Nxd4 Nf6 5. Nc3 a6 6. Be2 e5 7. Nb3 Be7 8. Be3 Be6 9. O-O O-O 10. Qd2 b5 11. a4 b4 12. Nd5 Nxe4 13. Nxe7+ Qxe7 14. Qxb4 f5 15. Na5 Nd7 16. f3 Nec5 17. Nc6 Qf7 18. Rfd1 f4 19. Bf2 a5 20. Nxa5 Qh5 21. Qe1 Rf6 22. Bc4 Rh6 23. h3 Rg6 24. Bxe6+ Nxe6 25. Nc6 Re8 26. Bh4 Qxf3 27. Qf2 Qxc6 28. b4 e4 29. Kh2 Ne5 30. b5 Qc3 31. Qd2 Qxd2 32. Rxd2 e3 33. Rxd6 f3 34. g4 Nxg4+ 35. hxg4 Rxg4 36. Bg3 Nc5 37. Kh3 Rxa4 38. Rf1 Ne4 39. Rd3 Nxg3 40. Kxg3 f2 41. Kf3 e2 42. Kxf2 0-1

[Event "CAN-ch U20"]
[Site "Toronto CAN"]
[Date "2007.01.03"]
[Round "2"]
[White "Zhou, Haonan"]
[Black "Lung, Patrick"]
[Result "1-0"]
[WhiteElo "1896"]
[BlackElo "1436"]
[PlyCount "159"]
[GameId "2160767910739587"]
[EventDate "2007.01.02"]
[EventType "swiss"]
[EventRounds "6"]
[EventCountry "CAN"]
[SourceTitle "EXT 2022"]
[Source "ChessBase"]
[SourceDate "2021.10.06"]
[SourceVersion "1"]
[SourceVersionDate "2021.10.06"]
[SourceQuality "1"]

1. d4 d5 2. c4 e6 3. Nc3 Nf6 4. Bg5 Be7 5. e3 Nbd7 6. Nf3 O-O 7. Bd3 dxc4 8. Bxc4 b6 9. O-O Bb7 10. Qe2 Ne4 11. Bf4 Nxc3 12. bxc3 Nf6 13. Rac1 Re8 14. Rfd1 Bf8 15. Bb5 Re7 16. Ne5 Qd5 17. f3 c6 18. c4 Qd8 19. Nxc6 Bxc6 20. Bxc6 Rc8 21. Bb5 Nh5 22. Bg5 f6 23. Bh4 g5 24. Be1 f5 25. c5 Rcc7 26. cxb6 axb6 27. Qb2 Bg7 28. Bc4 Rb7 29. Qb3 Kf7 30. d5 Qb8 31. dxe6+ Kg6 32. Bc3 Nf6 33. Bb4 Re8 34. Bd6 Qa7 35. e7 Rexe7 36. Bxe7 Rxe7 37. Re1 Nd7 38. Qb5 Re5 39. Qc6+ Bf6 40. Rcd1 Re7 41. Rd6 Kg7 42. Bb5 Ne5 43. Qxb6 Qxb6 44. Rxb6 Ra7 45. a4 Be7 46. Rc1 Bb4 47. Re6 Bd2 48. Rc2 Bxe3+ 49. Kf1 Bd4 50. Rd2 Bc3 51. Rd5 Nf7 52. Rd7 Rxd7 53. Bxd7 f4 54. Ra6 Ne5 55. Bb5 Nf7 56. Ra8 Nd6 57. Bc6 Nc4 58. Bb5 Nd6 59. Bd3 h6 60. a5 Bd4 61. Ke2 Be3 62. g4 Nf7 63. a6 Ne5 64. Be4 Nf7 65. a7 Bxa7 66. Rxa7 Kf6 67. Ra6+ Kg7 68. Kd3 Ne5+ 69. Kd4 Nf7 70. Bg6 Nh8 71. Bh5 Kh7 72. Ra7+ Kg8 73. Ke5 Kf8 74. Kf6 Kg8 75. Bg6 Nxg6 76. Kxg6 Kf8 77. Kf6 Kg8 78. h3 Kh8 79. Kg6 Kg8 80. Ra8# 1-0

[Event "CAN-ch U20"]
[Site "Toronto CAN"]
[Date "2007.01.04"]
[Round "3"]
[White "Tam, Timothy"]
[Black "Lung, Patrick"]
[Result "1-0"]
[WhiteElo "1904"]
[BlackElo "1436"]
[PlyCount "83"]
[GameId "2160767910739588"]
[EventDate "2007.01.02"]
[EventType "swiss"]
[EventRounds "6"]
[EventCountry "CAN"]
[SourceTitle "EXT 2022"]
[Source "ChessBase"]
[SourceDate "2021.10.06"]
[SourceVersion "1"]
[SourceVersionDate "2021.10.06"]
[SourceQuality "1"]

1. e4 e5 2. Nf3 Nc6 3. Bb5 a6 4. Ba4 Nf6 5. O-O Be7 6. Re1 b5 7. Bb3 d6 8. h3 Na5 9. c3 Nxb3 10. Qxb3 Bb7 11. Qc2 O-O 12. d3 h6 13. Nbd2 Re8 14. Nf1 Bf8 15. Ng3 g6 16. Be3 Bg7 17. Rad1 d5 18. d4 dxe4 19. dxe5 Nd7 20. Nxe4 Qc8 21. Bd4 c5 22. Nd6 Qb8 23. Nxe8 Qxe8 24. e6 cxd4 25. exd7 Qxd7 26. Nxd4 Qc8 27. Qb3 Qc7 28. a4 Bxd4 29. Rxd4 Qc6 30. f3 Qc5 31. Kh1 Qf5 32. c4 Bc6 33. axb5 axb5 34. cxb5 Rb8 35. b6 Kg7 36. Qc3 Qf6 37. Rd6 Qxc3 38. bxc3 Rxb6 39. Ra1 Kf8 40. c4 Ke7 41. c5 h5 42. Re1+ 1-0

[Event "CAN-ch U20"]
[Site "Toronto CAN"]
[Date "2007.01.05"]
[Round "4"]
[White "Lung, Patrick"]
[Black "Inigo, Aquino"]
[Result "0-1"]
[WhiteElo "1436"]
[BlackElo "1881"]
[PlyCount "84"]
[GameId "2160767910739590"]
[EventDate "2007.01.02"]
[EventType "swiss"]
[EventRounds "6"]
[EventCountry "CAN"]
[SourceTitle "EXT 2022"]
[Source "ChessBase"]
[SourceDate "2021.10.06"]
[SourceVersion "1"]
[SourceVersionDate "2021.10.06"]
[SourceQuality "1"]

1. e4 e6 2. d4 d5 3. exd5 exd5 4. Nf3 Nc6 5. Bb5 Bd6 6. h3 Nge7 7. O-O Bf5 8. c4 dxc4 9. Bxc4 Qd7 10. Nc3 O-O-O 11. Nb5 a6 12. Nxd6+ Qxd6 13. Re1 Ng6 14. Be3 f6 15. a3 Nf4 16. Qd2 Nd5 17. b4 Nxe3 18. fxe3 Qg3 19. Qf2 Qxf2+ 20. Kxf2 Rhe8 21. Rac1 Rd6 22. Re2 b5 23. Ba2 Kb7 24. Nd2 Kb6 25. Nb3 Bd3 26. Ree1 Bc4 27. Rc3 Rde6 28. Rc2 R6e7 29. Rd2 f5 30. Rdd1 g5 31. g3 f4 32. gxf4 gxf4 33. exf4 Re2+ 34. Rxe2 Rxe2+ 35. Kg3 Rxa2 36. Nc5 Rxa3+ 37. Kh4 Ra2 38. Nd7+ Ka7 39. Nf6 Rg2 40. Nxh7 Ne7 41. Kh5 Be2+ 42. Kh6 Nf5# 0-1

[Event "CAN-ch U20"]
[Site "Toronto CAN"]
[Date "2007.01.06"]
[Round "5"]
[White "Lung, Patrick"]
[Black "Rakov, Pavel"]
[Result "1-0"]
[WhiteElo "1436"]
[BlackElo "1896"]
[PlyCount "70"]
[GameId "2160767910739591"]
[EventDate "2007.01.02"]
[EventType "swiss"]
[EventRounds "6"]
[EventCountry "CAN"]
[SourceTitle "EXT 2022"]
[Source "ChessBase"]
[SourceDate "2021.10.06"]
[SourceVersion "1"]
[SourceVersionDate "2021.10.06"]
[SourceQuality "1"]

1. e4 c5 2. Nf3 Nc6 3. d4 cxd4 4. Nxd4 Nf6 5. Nc3 e5 6. Nb3 Bb4 7. Bd2 d5 8. exd5 Nxd5 9. Qf3 Nxc3 10. Bxc3 O-O 11. Bc4 Bxc3+ 12. Qxc3 Qg5 13. O-O Bf5 14. Bd5 Rac8 15. Bxc6 Rxc6 16. Qxe5 Rg6 17. g3 Re6 18. Qc5 b6 19. Qb5 a6 20. Qd5 Rd8 21. Qc4 h5 22. Rfe1 b5 23. Qc3 h4 24. Rxe6 Bxe6 25. Nc5 Bh3 26. Qf3 Qxc5 27. g4 Rd2 28. Qxh3 Qxf2+ 29. Kh1 Rxc2 30. b3 b4 31. g5 Qf4 32. g6 Qe4+ 33. Kg1 Qd4+ 34. Kh1 Qxa1+ 35. Qf1 Qxf1# 1-0

[Event "CAN-ch U20"]
[Site "Toronto CAN"]
[Date "2007.01.07"]
[Round "6"]
[White "Gusev, Nikita"]
[Black "Lung, Patrick"]
[Result "1-0"]
[WhiteElo "2149"]
[BlackElo "1436"]
[PlyCount "77"]
[GameId "2160767910739593"]
[EventDate "2007.01.02"]
[EventType "swiss"]
[EventRounds "6"]
[EventCountry "CAN"]
[SourceTitle "EXT 2022"]
[Source "ChessBase"]
[SourceDate "2021.10.06"]
[SourceVersion "1"]
[SourceVersionDate "2021.10.06"]
[SourceQuality "1"]

1. e4 e5 2. Nf3 Nc6 3. Nc3 Nf6 4. g3 Bb4 5. Bg2 d6 6. d3 Bg4 7. h3 Bh5 8. O-O h6 9. g4 Nxg4 10. hxg4 Bxg4 11. Nd5 Bc5 12. Be3 Bb6 13. Qd2 h5 14. Nh2 Be6 15. Nxb6 axb6 16. c3 Rxa2 17. Rxa2 Bxa2 18. c4 Bb3 19. Qc3 Na5 20. f4 f6 21. f5 Ba4 22. b4 Nc6 23. b5 Na5 24. Qb4 Bc2 25. Qc3 Bb3 26. Bd2 Ke7 27. Qb2 Bxc4 28. dxc4 Nxc4 29. Qc3 Nxd2 30. Qxd2 Qe8 31. Qd5 c6 32. Qe6+ Kd8 33. Qxd6+ Qd7 34. Qb8+ Qc8 35. Rd1+ Ke7 36. Qd6+ Ke8 37. bxc6 bxc6 38. Bf1 Rf8 39. Ba6 1-0

[Event "CAN-ch Universities"]
[Site "Ottawa CAN"]
[Date "2007.01.12"]
[Round "1"]
[White "Hua, Lefong"]
[Black "Fareh, Youness"]
[Result "1-0"]
[WhiteElo "2382"]
[BlackElo "2172"]
[PlyCount "57"]
[GameId "2160767910735137"]
[EventDate "2007.01.12"]
[EventType "team-swiss"]
[EventRounds "5"]
[EventCountry "CAN"]
[SourceTitle "EXT 2022"]
[Source "ChessBase"]
[SourceDate "2021.10.06"]
[SourceVersion "1"]
[SourceVersionDate "2021.10.06"]
[SourceQuality "1"]

1. d4 Nf6 2. c4 g6 3. Nc3 Bg7 4. e4 d6 5. f4 O-O 6. Nf3 Bg4 7. Be2 c5 8. d5 e6 9. O-O exd5 10. cxd5 Re8 11. h3 Bxf3 12. Bxf3 a6 13. a4 b6 14. Re1 Ra7 15. Be3 Rae7 16. Bf2 Qc8 17. Qb3 Nbd7 18. Qc4 Nf8 19. Bg3 N6d7 20. e5 dxe5 21. d6 Re6 22. Bd5 exf4 23. Bxe6 Nxe6 24. Bxf4 Bd4+ 25. Be3 Ne5 26. Qf1 Qc6 27. Bxd4 Nxd4 28. Ne4 Re6 29. Ng5 1-0

[Event "CAN-ch Universities"]
[Site "Ottawa CAN"]
[Date "2007.01.12"]
[Round "1"]
[White "Kenney, Jason"]
[Black "Xia, Angel"]
[Result "1-0"]
[WhiteElo "2190"]
[BlackElo "1896"]
[PlyCount "80"]
[GameId "2160767910735138"]
[EventDate "2007.01.12"]
[EventType "team-swiss"]
[EventRounds "5"]
[EventCountry "CAN"]
[SourceTitle "EXT 2022"]
[Source "ChessBase"]
[SourceDate "2021.10.06"]
[SourceVersion "1"]
[SourceVersionDate "2021.10.06"]
[SourceQuality "1"]

1. d4 d5 2. c4 e6 3. Nc3 Nf6 4. Nf3 c6 5. e3 Nbd7 6. Qc2 Be7 7. b3 O-O 8. Bd3 h6 9. O-O b6 10. Bb2 Bb7 11. Rad1 Qc7 12. Qb1 Rac8 13. cxd5 exd5 14. Bf5 Bd6 15. Rfe1 a6 16. e4 dxe4 17. Nxe4 Nxe4 18. Rxe4 Rce8 19. Ne5 Nf6 20. Rh4 c5 21. Nc4 Qc6 22. d5 Nxd5 23. Bh7+ Kh8 24. Rxh6 f6 25. Be4+ gxh6 26. Bxd5 Bxh2+ 27. Kxh2 Qc7+ 28. g3 Bc8 29. Qg6 Qg7 30. Qxg7+ Kxg7 31. Bf3 b5 32. Nd6 Rd8 33. Bc1 Be6 34. Bf4 c4 35. bxc4 bxc4 36. Re1 Bg8 37. Re7+ Kg6 38. Be4+ f5 39. Be5 Rf7 40. Bxf5+ Kg5 1-0

[Event "CAN-ch Universities"]
[Site "Ottawa CAN"]
[Date "2007.01.12"]
[Round "1"]
[White "Pechenkin, Vladimir"]
[Black "Stevens, Christian"]
[Result "1/2-1/2"]
[WhiteElo "2288"]
[BlackElo "2353"]
[PlyCount "78"]
[GameId "2160767910735139"]
[EventDate "2007.01.12"]
[EventType "team-swiss"]
[EventRounds "5"]
[EventCountry "CAN"]
[SourceTitle "EXT 2022"]
[Source "ChessBase"]
[SourceDate "2021.10.06"]
[SourceVersion "1"]
[SourceVersionDate "2021.10.06"]
[SourceQuality "1"]

1. Nf3 c5 2. g3 b6 3. Bg2 Bb7 4. O-O Nf6 5. d3 e6 6. e4 d6 7. b3 Nbd7 8. Bb2 Qc7 9. Nbd2 Be7 10. Qe2 a6 11. a4 O-O 12. Nh4 b5 13. f4 bxa4 14. Rxa4 Bc6 15. Ra2 Ne8 16. Nhf3 a5 17. Rfa1 Nef6 18. Nc4 a4 19. bxa4 Ra7 20. e5 dxe5 21. Ncxe5 Nxe5 22. Nxe5 Bxg2 23. Qxg2 Nd5 24. Nc4 Nb4 25. Ra3 Ra6 26. a5 Rfa8 27. Be5 Qd8 28. Bc3 Nd5 29. Bd2 Bf6 30. Rb1 Nb4 31. Bxb4 cxb4 32. Rab3 Bc3 33. Rf1 g6 34. Rbb1 Rc8 35. Kh1 Qd4 36. Rf3 Rxc4 37. dxc4 Qxc4 38. Rf2 Rxa5 39. Re2 Ra2 1/2-1/2

[Event "CAN-ch Universities"]
[Site "Ottawa CAN"]
[Date "2007.01.13"]
[Round "2"]
[White "Turken, Emre"]
[Black "Kenney, Jason"]
[Result "1/2-1/2"]
[WhiteElo "1877"]
[BlackElo "2190"]
[PlyCount "88"]
[GameId "2160767910735140"]
[EventDate "2007.01.12"]
[EventType "team-swiss"]
[EventRounds "5"]
[EventCountry "CAN"]
[SourceTitle "EXT 2022"]
[Source "ChessBase"]
[SourceDate "2021.10.06"]
[SourceVersion "1"]
[SourceVersionDate "2021.10.06"]
[SourceQuality "1"]

1. e4 c5 2. Nf3 d6 3. d4 cxd4 4. Nxd4 Nf6 5. Nc3 a6 6. Be3 e5 7. Nb3 Be6 8. Qd2 Qc7 9. f3 h5 10. O-O-O Nbd7 11. Kb1 Be7 12. h3 b5 13. f4 Nb6 14. f5 Bd7 15. Rg1 h4 16. Qf2 Na4 17. Nd5 Nxd5 18. exd5 Rc8 19. Bd3 Bf6 20. Rde1 Kf8 21. Bc1 a5 22. g4 hxg3 23. Qxg3 b4 24. Bg5 Nxb2 25. Bxf6 gxf6 26. Qg7+ Ke7 27. Rg6 Rcg8 28. Qxf6+ Ke8 29. Qxd6 Qxd6 30. Rxd6 Ke7 31. Rb6 Nxd3 32. cxd3 f6 33. Nxa5 Rxh3 34. Nc6+ Bxc6 35. dxc6 Rxd3 36. Rxb4 Rc3 37. Rc1 Rxc1+ 38. Kxc1 Rc8 39. Rc4 Kd6 40. Kc2 Rxc6 41. Rxc6+ Kxc6 42. Kd3 Kb5 43. Ke4 Kb4 44. Kd5 Ka3 1/2-1/2